[Event "Champ FRA - Under 8"]
[Site "Europe Echecs"]
[Date "2020.07.06"]
[Round "6"]
[Time "16:12:34"]
[PlyCount "108"]
[White "BriquetTom"]
[Black "RomeroAlexandr"]
[WhiteElo "1099"]
[BlackElo "900"]
[Mode "WEB"]
[Result "1-0"]

1. e4 e5 2. Nf3 Nf6 3. Nc3 Nc6 4. Bc4 Nxe4 5. Bxf7+ Kxf7 6. Nxe4 Kg8 7. d3 h6 8.
Be3 Kh7 9. d4 exd4 10. Nxd4 Nxd4 11. Qxd4 Rg8 12. O-O Kh8 13. Bxh6 d5 14. Ng5
Qe7 15. Rfe1 Qd6 16. Nf7+ Kh7 17. Nxd6 Bxd6 18. Bf4 Bxf4 19. Qxf4 g6 20. Re7+
Rg7 21. Rxg7+ Kxg7 22. Qxc7+ Kf6 23. Qd6+ Kf5 24. Qxd5+ Kf6 25. Re1 g5 26. Qe5+
Kg6 27. Qe8+ Kf6 28. Re6+ Bxe6 29. Qxa8 Bxa2 30. Qxb7 Kf5 31. Qxa7 Bd5 32. Qc5
Ke5 33. c4 Ke4 34. Qxd5+ Kf4 35. g3+ Kg4 36. c5 Kh5 37. Qxg5+ Kxg5 38. c6 Kf6
39. c7 Ke6 40. c8=Q+ Kd6 41. h4 Ke7 42. h5 Kf7 43. h6 Kg6 44. Qe6+ Kh7 45. Qe7+
Kxh6 46. b4 Kg6 47. b5 Kh6 48. b6 Kg6 49. b7 Kf5 50. b8=Q Kg6 51. Qbd6+ Kf5 52.
Qee5+ Kg4 53. Qdd4+ Kh3 54. Qh4# {RomeroAlexandr est échec et mat} 1-0

[Event "Champ FRA - Under 8"]
[Site "Europe Echecs"]
[Date "2020.07.06"]
[Round "6"]
[Time "16:12:34"]
[PlyCount "78"]
[White "LefolMarius"]
[Black "GriffonLoris"]
[WhiteElo "799"]
[BlackElo "1200"]
[Mode "WEB"]
[Result "1-0"]

1. d4 d5 2. c4 dxc4 3. e3 Nc6 4. Bxc4 Nf6 5. Nf3 Bg4 6. Nbd2 e6 7. O-O Bb4 8. h3
Bxf3 9. Nxf3 O-O 10. a3 Bd6 11. b4 e5 12. d5 e4 13. dxc6 bxc6 14. Nd2 Be5 15.
Rb1 Re8 16. f4 Bd6 17. Bb2 Nh5 18. Qxh5 g6 19. Qh6 Bf8 20. Qg5 Be7 21. Qe5 Bf6
22. Qxf6 Qxf6 23. Bxf6 Re6 24. Bxe6 Re8 25. Bd7 Re7 26. Bxe7 h6 27. Bxc6 g5 28.
Nxe4 gxf4 29. Rxf4 h5 30. Rbf1 a6 31. Rxf7 h4 32. Rf8+ Kg7 33. R1f7+ Kh6 34.
Rh8+ Kg6 35. Rf6+ Kg7 36. Rhh6 Kg8 37. Ng5 Kg7 38. Rh7+ Kg8 39. Rf8# {GriffonLoris est échec et mat} 1-0

[Event "Champ FRA - Under 8"]
[Site "Europe Echecs"]
[Date "2020.07.06"]
[Round "6"]
[Time "16:12:34"]
[PlyCount "143"]
[White "LauerAdam"]
[Black "DemangeSymeon"]
[WhiteElo "1290"]
[BlackElo "799"]
[Mode "WEB"]
[Result "1/2-1/2"]

1. e4 e5 2. Nf3 Nc6 3. Bc4 Nf6 4. Ng5 d5 5. exd5 Nxd5 6. Nxf7 Kxf7 7. Qf3+ Ke6
8. Nc3 Bb4 9. Bxd5+ Ke7 10. Bxc6 Bxc3 11. Qxc3 bxc6 12. Qxe5+ Kf7 13. Qh5+ g6
14. Qf3+ Kg7 15. Qxc6 Bd7 16. Qc3+ Kg8 17. O-O Kf7 18. d3 Re8 19. Bf4 Kg8 20.
Bxc7 Qe7 21. Rfe1 Qf7 22. Rxe8+ Qxe8 23. Re1 Qf7 24. f3 Rc8 25. Qb4 Rxc7 26.
Qb8+ Rc8 27. Qxa7 Rxc2 28. b3 Be6 29. Qxf7+ Bxf7 30. a4 Bxb3 31. Ra1 Rd2 32. a5
Rxd3 33. a6 Rd8 34. Kf2 Bd5 35. Ke3 Ra8 36. Rd1 Bb3 37. Rb1 Bc2 38. Rc1 Bf5 39.
Ra1 Bc8 40. a7 Kf7 41. Rc1 Be6 42. Rc7+ Kg8 43. Rb7 Bd5 44. Rb8+ Kf7 45. Rxa8
Bxa8 46. Kd4 Ke7 47. Kc5 Kd7 48. Kb6 Kc8 49. g4 Bb7 50. f4 h6 51. f5 gxf5 52.
gxf5 Bh1 53. f6 Kd7 54. f7 Ke7 55. Kc5 Kxf7 56. Kd6 Kf6 57. Kd7 Kf5 58. Ke7 h5
59. Kf7 h4 60. Kg7 Kf4 61. Kh6 Kg4 62. Kg6 Kh3 63. Kh5 Bf3+ 64. Kg5 Bc6 65. Kh5
Be8+ 66. Kg5 Bc6 67. Kh5 Kxh2 68. Kxh4 Kg2 69. Kg5 Kf2 70. Kf6 Ke3 71. a8=Q Bxa8 {Aucun joueur n'a le mat&eacute;riel pour mater} 1/2-1/2

[Event "Champ FRA - Under 8"]
[Site "Europe Echecs"]
[Date "2020.07.06"]
[Round "6"]
[Time "16:12:34"]
[PlyCount "29"]
[White "TellierArthur"]
[Black "CarnetAnaelle"]
[WhiteElo "800"]
[BlackElo "1160"]
[Mode "WEB"]
[Result "0-1"]

1. e4 d5 2. exd5 Nf6 3. Nc3 Nxd5 4. Nxd5 Qxd5 5. d3 Nc6 6. Bf4 e5 7. Qh5 Be7 8.
Bxe5 Nxe5 9. O-O-O Bd7 10. Nf3 O-O-O 11. Ng5 Rdf8 12. Qe2 Qxa2 13. Qxe5 Bb4 14.
Re1 Qa1# {TellierArthur est échec et mat} 0-1

[Event "Champ FRA - Under 8"]
[Site "Europe Echecs"]
[Date "2020.07.06"]
[Round "6"]
[Time "16:12:34"]
[PlyCount "45"]
[White "JarryEliot"]
[Black "RodriguezAntoi"]
[WhiteElo "890"]
[BlackElo "1110"]
[Mode "WEB"]
[Result "0-1"]

1. e4 e6 2. Bc4 d5 3. exd5 exd5 4. Bb3 Nf6 5. Nc3 Nc6 6. d4 Bb4 7. Bg5 O-O 8.
Nf3 Re8+ 9. Be3 Bxc3+ 10. bxc3 Ne4 11. O-O Nxc3 12. Ng5 Nxd1 13. Rfxd1 h6 14.
Nxf7 Kxf7 15. Bf4 Re4 16. Be3 Bg4 17. Re1 Nxd4 18. Rac1 Ne2+ 19. Kf1 Nxc1 20.
Rxc1 Qd7 21. Rd1 Qb5+ 22. Ke1 Qe2# {JarryEliot est échec et mat} 0-1

[Event "Champ FRA - Under 8"]
[Site "Europe Echecs"]
[Date "2020.07.06"]
[Round "6"]
[Time "16:12:34"]
[PlyCount "87"]
[White "StoyanovVictor"]
[Black "KeyrillosGabri"]
[WhiteElo "799"]
[BlackElo "1044"]
[Mode "WEB"]
[Result "0-1"]

1. d4 c5 2. c3 cxd4 3. cxd4 d5 4. Nc3 Nf6 5. e3 e6 6. Nf3 Bb4 7. Bb5+ Bd7 8.
Bxd7+ Qxd7 9. Bd2 Nc6 10. Qe2 Bxc3 11. bxc3 Ne4 12. O-O Nxd2 13. Qxd2 O-O 14.
Rab1 b6 15. Qb2 Na5 16. Ne5 Qc7 17. Rfc1 Nc6 18. Nxc6 Qxc6 19. a3 Rac8 20. Qc2
Qc4 21. Rb3 Rc7 22. Rd1 Rfc8 23. Rc1 Qc6 24. Kf1 Qd7 25. Ke1 Rc4 26. Qd3 Qc6 27.
f3 h6 28. g3 a5 29. h3 a4 30. Rb2 Rxc3 31. Rxc3 Qxc3+ 32. Qxc3 Rxc3 33. Rxb6
Rxa3 34. Rb8+ Kh7 35. Kd2 Rb3 36. Kc2 Rxb8 37. e4 a3 38. exd5 exd5 39. Kc3 a2
40. f4 a1=Q+ 41. Kd3 Qa3+ 42. Kd2 Rb2+ 43. Kd1 Qa1# {StoyanovVictor est échec et mat} 0-1

[Event "Champ FRA - Under 8"]
[Site "Europe Echecs"]
[Date "2020.07.06"]
[Round "6"]
[Time "16:12:34"]
[PlyCount "87"]
[White "RibreauAnna"]
[Black "MoreauBaptiste"]
[WhiteElo "1280"]
[BlackElo "1020"]
[Mode "WEB"]
[Result "0-1"]

1. c4 e5 2. Nc3 Nf6 3. g3 Bc5 4. Bg2 Ng4 5. e3 d6 6. Nf3 Nf6 7. O-O Bg4 8. a3 e4
9. Nxe4 Nxe4 10. Rb1 O-O 11. b4 Bb6 12. d4 Nc3 13. Qd3 Nxb1 14. Qxb1 c6 15. Bd2
Nd7 16. Qc2 Qf6 17. Ne1 Rac8 18. Qc3 d5 19. cxd5 cxd5 20. Qb3 Qh6 21. Nd3 Be2
22. Re1 Bxd3 23. Qxd3 Nf6 24. Qb3 Ng4 25. h3 Nf6 26. Bxd5 Nxd5 27. Qxd5 Rc2 28.
Bc1 Qf6 29. Rf1 Qh6 30. h4 Rc7 31. e4 Rxc1 32. Rxc1 Qxc1+ 33. Kg2 Qxa3 34. b5
Rd8 35. Qxb7 Bxd4 36. Qc7 Rf8 37. Qd7 Qb2 38. Kf3 Qxf2+ 39. Kg4 Qe2+ 40. Kf4
Be3+ 41. Ke5 Qh5+ 42. Kd6 Qg6+ 43. Kc7 Qb6# {RibreauAnna est échec et mat} 0-1

[Event "Champ FRA - Under 8"]
[Site "Europe Echecs"]
[Date "2020.07.06"]
[Round "6"]
[Time "16:12:34"]
[PlyCount "56"]
[White "AboulasseGhita"]
[Black "BronnyTitien"]
[WhiteElo "1008"]
[BlackElo "1270"]
[Mode "WEB"]
[Result "1-0"]

1. d4 d5 2. c4 dxc4 3. e3 e5 4. Bxc4 e4 5. Nc3 Nf6 6. Qb3 Nc6 7. Bxf7+ Ke7 8.
Bc4 Na5 9. Qb4+ Qd6 10. Qxa5 Qc6 11. Qb4+ Ke8 12. Qb3 Be6 13. Bxe6 Ke7 14. Bc4
b5 15. Bxb5 Rb8 16. Bxc6 Rxb3 17. axb3 Kd6 18. Bxe4 Kd7 19. Nf3 Bb4 20. Ne5+ Kc8
21. Nc6 Bxc3+ 22. bxc3 Nxe4 23. Nxa7+ Kb7 24. c4 Nf6 25. Nb5 Ne8 26. Ra7+ Kb6
27. Bd2 c6 28. Ba5# {BronnyTitien est échec et mat} 1-0

[Event "Champ FRA - Under 8"]
[Site "Europe Echecs"]
[Date "2020.07.06"]
[Round "6"]
[Time "16:12:34"]
[PlyCount "92"]
[White "Schoenenberger"]
[Black "RichardAlexis"]
[WhiteElo "950"]
[BlackElo "1250"]
[Mode "WEB"]
[Result "1-0"]

1. e4 e5 2. Nf3 Bc5 3. Bc4 Nc6 4. d3 Nf6 5. O-O O-O 6. Bg5 h6 7. Bxf6 Qxf6 8.
Nc3 Nd4 9. Nd5 Qe6 10. Nxc7 Qc6 11. Nxa8 Nxf3+ 12. Qxf3 d6 13. Bd5 Qd7 14. c3 b6
15. Nxb6 axb6 16. d4 Ba6 17. c4 Bxc4 18. Bxc4 Bxd4 19. Rad1 Bxb2 20. Qe2 Bd4 21.
Bb5 Qe6 22. Rc1 Bb2 23. Rc6 Bd4 24. Bc4 Qd7 25. Qc2 Qxc6 26. Bxf7+ Rxf7 27. Qxc6
Kh7 28. Qxd6 Bc5 29. Qxe5 Re7 30. Qf5+ g6 31. Qc8 Rf7 32. Rd1 Rf8 33. Rd7+ Kg8
34. Rd8 Be7 35. Rxf8+ Bxf8 36. Qe6+ Kg7 37. Qxb6 h5 38. Qc7+ Kh6 39. Qf7 Bc5 40.
Qf4+ g5 41. Qf6+ Kh7 42. Qf5+ Kh6 43. Qxc5 Kg6 44. a4 Kf7 45. a5 Ke6 46. a6 {RichardAlexis a abandonné} 1-0

[Event "Champ FRA - Under 8"]
[Site "Europe Echecs"]
[Date "2020.07.06"]
[Round "6"]
[Time "16:12:34"]
[PlyCount "87"]
[White "MauryTom"]
[Black "ChenLucie"]
[WhiteElo "1240"]
[BlackElo "900"]
[Mode "WEB"]
[Result "0-1"]

1. e4 e5 2. Nf3 Nc6 3. Bc4 Nf6 4. Ng5 d5 5. exd5 Na5 6. Bb5+ c6 7. dxc6 bxc6 8.
Bd3 h6 9. Nf3 e4 10. b4 Nb7 11. Bxe4 Nxe4 12. d3 Ned6 13. c3 Be7 14. O-O O-O 15.
Qe2 Bf6 16. Ne5 Bxe5 17. Qxe5 Nb5 18. c4 Nc7 19. Bf4 Bg4 20. Qxc7 Qe8 21. Qxb7
Rd8 22. f3 Bf5 23. Qxa7 Bxd3 24. Rd1 Bxc4 25. Rxd8 Qxd8 26. h3 Bd3 27. Qc5 Qf6
28. Bd6 Re8 29. Qxc6 Qe6 30. b5 Qe1+ 31. Kh2 Re2 32. Qc8+ Kh7 33. b6 Re3 34. b7
Bf1 35. b8=Q Re2 36. Qh8+ Kg6 37. Bg3 Rxg2+ 38. Kh1 Qe3 39. Bh2 Rg5 40. Qd6+ Kh5
41. Qg3 Rxg3 42. Bxg3 Qxf3+ 43. Kh2 Qg2# {MauryTom est échec et mat} 0-1

[Event "Champ FRA - Under 8"]
[Site "Europe Echecs"]
[Date "2020.07.06"]
[Round "6"]
[Time "16:12:34"]
[PlyCount "53"]
[White "GrederPaul"]
[Black "SchluppLea"]
[WhiteElo "1220"]
[BlackElo "960"]
[Mode "WEB"]
[Result "1/2-1/2"]

1. d4 d5 2. e3 Nc6 3. Nc3 Bf5 4. Bd2 e6 5. Qe2 e5 6. O-O-O exd4 7. exd4+ Be7 8.
Qe3 Nf6 9. Be2 Qd7 10. Nf3 O-O-O 11. Bb5 a6 12. Bxc6 Qxc6 13. a3 Ne4 14. Qd3
Nxf2 15. Qxf5+ Rd7 16. Rhf1 Nxd1 17. Rxd1 g6 18. Qe5 f6 19. Qe3 f5 20. Qe5 Rdd8
21. Qxe7 Rde8 22. Qf7 Ref8 23. Qe7 Re8 24. Qf7 Ref8 25. Qg7 Rfg8 26. Qe7 Re8 {Nulle par répétition} 1/2-1/2

[Event "Champ FRA - Under 8"]
[Site "Europe Echecs"]
[Date "2020.07.06"]
[Round "6"]
[Time "16:12:34"]
[PlyCount "38"]
[White "YuEtan"]
[Black "CharrierMojane"]
[WhiteElo "960"]
[BlackElo "1190"]
[Mode "WEB"]
[Result "1-0"]

1. e4 e5 2. Nf3 Nc6 3. Bc4 f6 4. O-O Bc5 5. c3 f5 6. exf5 d6 7. Qc2 Qf6 8. Rd1
Qg6 9. fxg6 hxg6 10. Qxg6+ Kd8 11. d4 Bb6 12. dxe5 Nxe5 13. Nxe5 Ne7 14. Nf7+
Kd7 15. Qg4+ Kc6 16. Qe4+ Kd7 17. Bd5 Ke8 18. Re1 Bf5 19. Qxe7# {CharrierMojane est échec et mat} 1-0

[Event "Champ FRA - Under 8"]
[Site "Europe Echecs"]
[Date "2020.07.06"]
[Round "6"]
[Time "16:12:34"]
[PlyCount "85"]
[White "CassagneresCha"]
[Black "RaykoPauline"]
[WhiteElo "1180"]
[BlackElo "900"]
[Mode "WEB"]
[Result "0-1"]

1. e4 e5 2. Nf3 Nc6 3. Bc4 Bc5 4. O-O Nf6 5. Nc3 Bd4 6. Nxd4 Nxd4 7. Ne2 Nxe2+
8. Qxe2 d6 9. d3 Bg4 10. Qe1 O-O 11. Bg5 h6 12. Bxf6 Qxf6 13. Bd5 c6 14. Bc4 b5
15. Bb3 a5 16. a3 a4 17. Ba2 c5 18. h3 Bh5 19. b3 axb3 20. cxb3 c4 21. bxc4 bxc4
22. dxc4 Rxa3 23. Bb1 Rxa1 24. c5 dxc5 25. Qc3 Rc8 26. Qxa1 c4 27. Rc1 Qc6 28.
Ba2 Be2 29. Re1 Bd3 30. Rc1 f6 31. Qb1 Bxb1 32. Rxb1 Ra8 33. Bb3 cxb3 34. Rxb3
Ra1+ 35. Kh2 Qc4 36. Rb8+ Kh7 37. f3 Qc1 38. g4 Qh1+ 39. Kg3 Qg1+ 40. Kh4 g5+
41. Kh5 Qh1 42. f4 Qxh3# {CassagneresCha est échec et mat} 0-1

[Event "Champ FRA - Under 8"]
[Site "Europe Echecs"]
[Date "2020.07.06"]
[Round "6"]
[Time "16:12:34"]
[PlyCount "138"]
[White "JourdainLouis"]
[Black "BousmatAdam"]
[WhiteElo "1170"]
[BlackElo "799"]
[Mode "WEB"]
[Result "1-0"]

1. d4 d5 2. Nc3 Nf6 3. Nf3 Nc6 4. Bf4 Bf5 5. e3 e6 6. Bb5 Bb4 7. a3 Bxc3+ 8.
bxc3 a6 9. Ba4 b5 10. Bb3 O-O 11. O-O g6 12. Ne5 Nxe5 13. dxe5 Bg4 14. f3 Bf5
15. exf6 Qxf6 16. Qd4 Qd8 17. Be5 f6 18. Bg3 e5 19. Qd2 c5 20. e4 c4 21. Ba2 Be6
22. exd5 Bxd5 23. Rfd1 Rf7 24. Qd3 Rd7 25. Qd2 Raa7 26. Qh6 e4 27. Bf2 exf3 28.
Bxa7 f2+ 29. Kxf2 Be4 30. Rxd7 Qxd7 31. Be3 Bxc2 32. Qf4 g5 33. Qd4 Qf5+ 34. Ke2
h6 35. Qd8+ Kg7 36. Qd4 Kg6 37. h3 Be4 38. Rf1 Qe5 39. Qxe5 fxe5 40. Bb1 Bxb1
41. Rxb1 h5 42. Rd1 Kf5 43. Rd6 g4 44. hxg4+ hxg4 45. Rxa6 e4 46. Ra5 Kg6 47.
Rxb5 Kf6 48. a4 Ke7 49. a5 Kd7 50. a6 Kc6 51. a7 Kxb5 52. a8=Q g3 53. Qxe4 Ka5
54. Qd5+ Ka4 55. Qxc4+ Ka3 56. Qg4 Kb3 57. c4 Kb4 58. c5+ Kb5 59. Qxg3 Kc6 60.
Qf3+ Kd7 61. g4 Ke7 62. g5 Ke8 63. c6 Kd8 64. g6 Ke8 65. g7 Ke7 66. c7 Kd7 67.
Qf4 Kc6 68. c8=Q+ Kd5 69. g8=Q# {BousmatAdam est échec et mat} 1-0

[Event "Champ FRA - Under 8"]
[Site "Europe Echecs"]
[Date "2020.07.06"]
[Round "6"]
[Time "16:12:34"]
[PlyCount "101"]
[White "BarrialMaxence"]
[Black "AlsaiedNizar"]
[WhiteElo "799"]
[BlackElo "1120"]
[Mode "WEB"]
[Result "0-1"]

1. f4 e6 2. Nf3 Qf6 3. e3 Qd8 4. b3 Bd6 5. Bb2 Nf6 6. Bxf6 Qxf6 7. d4 Qd8 8.
Nbd2 O-O 9. Bb5 c6 10. Bc4 Ba3 11. Qe2 Bb2 12. O-O Bxa1 13. Rxa1 d5 14. Bd3 Na6
15. Bxa6 bxa6 16. Ne5 h6 17. Qh5 Qc7 18. Ndf3 Qa5 19. Nh4 Qc3 20. Rf1 Qxe3+ 21.
Kh1 Qxd4 22. Re1 Qc3 23. Nhf3 Qxc2 24. g4 Qxa2 25. g5 g6 26. Qxh6 Qxb3 27. Kg2
Qc2+ 28. Kh1 Qe4 29. Kg1 Qb4 30. Nxg6 Qb2 31. Nxf8 Bb7 32. Qh7+ Kxf8 33. Qh8+
Ke7 34. Qxb2 Rb8 35. Qf6+ Ke8 36. g6 fxg6 37. Rxe6+ Kd7 38. Qe7+ Kc8 39. h4 a5
40. Nd2 a4 41. Nb1 Ba6 42. h5 gxh5 43. Kh1 Rb7 44. Qe8+ Kc7 45. Re7+ Kb6 46. f5
Kc5 47. f6 Bd3 48. f7 Kc4 49. f8=Q Kd4 50. Qf4+ Kc5 {BarrialMaxence a perdu au temps} 0-1

[Event "Champ FRA - Under 8"]
[Site "Europe Echecs"]
[Date "2020.07.06"]
[Round "6"]
[Time "16:12:34"]
[PlyCount "66"]
[White "NicolettiLouis"]
[Black "BalesterDimitr"]
[WhiteElo "799"]
[BlackElo "1120"]
[Mode "WEB"]
[Result "1-0"]

1. e4 e6 2. Nf3 Nc6 3. d3 Nf6 4. Bg5 h6 5. Bxf6 Qxf6 6. Be2 Qxb2 7. Nbd2 Qf6 8.
O-O Bc5 9. e5 Nxe5 10. Ne4 Qg6 11. Nxe5 Qg5 12. Nxg5 hxg5 13. Bh5 O-O 14. Ng6
fxg6 15. Bxg6 Bd4 16. Qh5 Rf6 17. Qh7+ Kf8 18. Qh8+ Ke7 19. Qe8+ Kd6 20. Rae1
Bc3 21. Re2 Be5 22. Rfe1 Bd4 23. Bf7 Rh6 24. Qf8+ Kc6 25. Qb4 b6 26. Re4 Bf6 27.
Qc4+ Kd6 28. Rxe6+ dxe6 29. Bxe6 Bxe6 30. Rxe6+ Kd7 31. Qd5+ Kc8 32. Re8+ Bd8
33. Rxd8# {BalesterDimitr est échec et mat} 1-0

[Event "Champ FRA - Under 8"]
[Site "Europe Echecs"]
[Date "2020.07.06"]
[Round "6"]
[Time "16:12:34"]
[PlyCount "130"]
[White "KhantalinIrakl"]
[Black "RosuMatei"]
[WhiteElo "799"]
[BlackElo "1091"]
[Mode "WEB"]
[Result "1-0"]

1. e4 e5 2. Nf3 Nf6 3. Nxe5 d6 4. Nf3 Nxe4 5. Qe2 Qe7 6. d3 Nf6 7. Qxe7+ Bxe7 8.
Be2 Nd5 9. O-O Nf4 10. Bxf4 O-O 11. Nc3 Re8 12. d4 Nc6 13. d5 Nb4 14. Bb5 c6 15.
dxc6 a6 16. cxb7 Bxb7 17. Bxe8 Rxe8 18. a3 Nxc2 19. Rac1 Bxf3 20. gxf3 Nd4 21.
Rfd1 Ne2+ 22. Kf1 Nxc1 23. Rxc1 Rc8 24. Re1 Bf6 25. Bxd6 h6 26. Be5 Bxe5 27.
Rxe5 f6 28. Re7 Kf8 29. Ra7 Rb8 30. Rxa6 Rxb2 31. a4 Rc2 32. Nd5 Rc5 33. Ne3 Ke8
34. Ra8+ Kf7 35. a5 Ke7 36. a6 Ra5 37. a7 Ra1+ 38. Kg2 Kf7 39. Nc2 Ra4 40. Ne3
Ke7 41. Nd5+ Kd6 42. Nb6 Ra6 43. Nc8+ Kc7 44. Ne7 Kb7 45. Rh8 Rxa7 46. Rh7 Kb6
47. Nd5+ Kc6 48. Nxf6 Kd6 49. Ne8+ Ke6 50. Nxg7+ Ke5 51. Kg3 Rf7 52. f4+ Ke4 53.
f3+ Kd5 54. h4 Kc6 55. h5 Kd7 56. f5 Kc6 57. Kg4 Kd5 58. f4 Ke4 59. Kg3 Ke3 60.
Kg4 Ke4 61. Kg3 Ke3 62. f6 Ke4 63. Rxh6 Kd5 64. Kg4 Ke4 65. Rg6 {RosuMatei a abandonné} 1-0

[Event "Champ FRA - Under 8"]
[Site "Europe Echecs"]
[Date "2020.07.06"]
[Round "6"]
[Time "16:12:34"]
[PlyCount "92"]
[White "DoucetPaulLoup"]
[Black "CorralNehamaLe"]
[WhiteElo "1060"]
[BlackElo "799"]
[Mode "WEB"]
[Result "1-0"]

1. e4 e5 2. Nf3 Nc6 3. Bc4 Bc5 4. Nc3 Nf6 5. O-O O-O 6. d3 d6 7. Bg5 Bg4 8. Nd5
Nd4 9. Nxf6+ gxf6 10. Bh4 Nxf3+ 11. gxf3 Bh5 12. Qd2 Kg7 13. Bd5 c6 14. Bc4 b5
15. Bb3 a5 16. c3 a4 17. Bc2 h6 18. Kh1 Kg6 19. Rg1+ Kh7 20. d4 Bg4 21. fxg4
exd4 22. cxd4 Bb6 23. e5+ Kh8 24. g5 hxg5 25. Bxg5 fxg5 26. Rxg5 Rg8 27. Rh5+
Kg7 28. Rg1+ Kf8 29. Qh6+ Ke7 30. Re1 Bxd4 31. Qf6+ Ke8 32. Qf5 dxe5 33. Rxe5+
Bxe5 34. Qxe5+ Kd7 35. Qd4+ Kc8 36. Qg4+ Kb7 37. Rc5 Rxg4 38. Bf5 Qd7 39. Bxd7
Rg7 40. Bxc6+ Kb8 41. Bxa8 Kxa8 42. Re5 Ka7 43. Rxb5 Ka6 44. Rb4 Ka5 45. Re4 f5
46. Re5+ {CorralNehamaLe a abandonné} 1-0

[Event "Champ FRA - Under 8"]
[Site "Europe Echecs"]
[Date "2020.07.06"]
[Round "6"]
[Time "16:12:34"]
[PlyCount "161"]
[White "SakiOmar"]
[Black "FeretGabriel"]
[WhiteElo "1044"]
[BlackElo "799"]
[Mode "WEB"]
[Result "0-1"]

1. e4 e5 2. Nf3 Nc6 3. Bc4 Bc5 4. Nc3 Nf6 5. d3 O-O 6. Kf1 d6 7. Ke2 Nd4+ 8. Kd2
Bg4 9. b3 a5 10. Bb2 b6 11. h3 Bxf3 12. gxf3 h6 13. Rg1 Rb8 14. Bc1 c6 15. Ke1
b5 16. Qd2 Nxf3+ 17. Ke2 Nxd2 18. Bxd2 bxc4 19. Bxh6 d5 20. Rxg7+ Kh8 21. Rgg1
Rg8 22. Rh1 dxe4 23. dxe4 Rg6 24. Bd2 Bd4 25. Nd1 Bxa1 26. h4 Qd7 27. h5 Rg5 28.
Bxg5 Nxe4 29. Be3 Bd4 30. Bh6 Nc3+ 31. Nxc3 Bxc3 32. Rg1 Qd2+ 33. Bxd2 Bxd2 34.
Kxd2 Rd8+ 35. Kc1 Rd5 36. bxc4 Rd4 37. c5 Rc4 38. Kb2 Rxc5 39. Rd1 e4 40. Rd8+
Kh7 41. Rd6 Rxh5 42. Rxc6 Rh2 43. Rc7 Kg7 44. f4 e3 45. Re7 e2 46. Kc3 Rh1 47.
Kd2 e1=Q+ 48. Rxe1 Rh4 49. c4 Rxf4 50. c5 Rd4+ 51. Kc3 Rd8 52. c6 Rc8 53. Kb3
Rxc6 54. Ka4 Rc2 55. a3 Rc5 56. Rb1 f5 57. Rb5 Rc4+ 58. Kb3 Re4 59. Rxf5 Kg6 60.
Rxa5 Re3+ 61. Ka2 Re2+ 62. Kb3 Re3+ 63. Kb4 Re4+ 64. Kb5 Re5+ 65. Ka6 Re6+ 66.
Kb7 Re7+ 67. Kc6 Re6+ 68. Kd7 Rf6 69. a4 Rf7+ 70. Ke6 Rf6+ 71. Kd5 Rf5+ 72. Kc4
Rf4+ 73. Kb5 Rf5+ 74. Ka6 Rf6+ 75. Kb7 Rf7+ 76. Kc6 Rf6+ 77. Kd7 Rf7+ 78. Ke8
Kf6 79. Ra8 Rh7 80. Kf8 Rh8# {SakiOmar est échec et mat} 0-1

[Event "Champ FRA - Under 8"]
[Site "Europe Echecs"]
[Date "2020.07.06"]
[Round "6"]
[Time "16:12:34"]
[PlyCount "21"]
[White "DruonCaspar"]
[Black "LeoniMathis"]
[WhiteElo "1040"]
[BlackElo "799"]
[Mode "WEB"]
[Result "0-1"]

1. d4 d5 2. Bf4 Nc6 3. Nf3 Nf6 4. e3 Bf5 5. Nc3 e6 6. Bd3 Bg6 7. Nh4 Bh5 8. Ng6
Bxg6 9. Bxg6 hxg6 10. Qg4 Nxg4 {DruonCaspar a abandonné} 0-1

[Event "Champ FRA - Under 8"]
[Site "Europe Echecs"]
[Date "2020.07.06"]
[Round "6"]
[Time "16:12:34"]
[PlyCount "84"]
[White "ReissOscar"]
[Black "DuboisSelene"]
[WhiteElo "799"]
[BlackElo "1037"]
[Mode "WEB"]
[Result "1-0"]

1. e4 e5 2. Nf3 Nc6 3. Nc3 Nf6 4. Bb5 Bd6 5. d3 O-O 6. Bg5 Bb4 7. O-O d6 8. h3
h6 9. Bh4 a6 10. Bc4 Bd7 11. a3 Ba5 12. b4 Bb6 13. Re1 Qe7 14. Qe2 Rae8 15. Nd5
Nxd5 16. exd5 Nd8 17. Bxe7 Rxe7 18. Rad1 c6 19. dxc6 Bxc6 20. b5 axb5 21. Bb3
Ba5 22. c3 Bxc3 23. Nd2 e4 24. dxe4 Bxe4 25. f3 d5 26. fxe4 dxe4 27. Rc1 e3 28.
Nf3 Bxe1 29. Rxe1 Rfe8 30. Nh4 Nc6 31. Qg4 Re4 32. Qf5 Nd4 33. Qxf7+ Kh7 34.
Qg6+ Kh8 35. Bf7 R8e7 36. Bd5 R4e5 37. Nf5 Nxf5 38. Bf7 e2 39. g4 Ng3 40. Bb3
Re3 41. Bc2 Rf3 42. Qh7# {DuboisSelene est échec et mat} 1-0

[Event "Champ FRA - Under 8"]
[Site "Europe Echecs"]
[Date "2020.07.06"]
[Round "6"]
[Time "16:12:34"]
[PlyCount "166"]
[White "DebbicheAmir"]
[Black "BonnayTramoniB"]
[WhiteElo "1110"]
[BlackElo "799"]
[Mode "WEB"]
[Result "1-0"]

1. c4 e5 2. Nc3 Bc5 3. d3 Nf6 4. Nf3 Ng4 5. Be3 Bxe3 6. fxe3 Nxe3 7. Qc1 Nxf1 8.
Kxf1 O-O 9. Nxe5 d6 10. Nf3 Nc6 11. d4 Bf5 12. d5 Ne7 13. Nd4 Bg6 14. Ke1 c6 15.
dxc6 bxc6 16. Nc2 Qe8 17. Rf1 Nf5 18. Kf2 Bh5 19. Kg1 Qxe2 20. Re1 Qd3 21. Nb4
Qd4+ 22. Kh1 Qxc4 23. Nc2 Rae8 24. Rxe8 Rxe8 25. Qd2 Ne3 26. Nxe3 Qb4 27. a3 Qb7
28. Kg1 d5 29. Nf5 g6 30. Nd6 Qe7 31. Nxe8 Qxe8 32. Re1 Qd8 33. Ne2 Qb6+ 34. Kh1
d4 35. Nxd4 c5 36. Ne2 Qb7 37. Ng3 Bg4 38. h3 Bd7 39. Nf1 Qc6 40. b3 Bc8 41. b4
cxb4 42. axb4 Qb5 43. Rb1 Qa6 44. b5 Qb6 45. Ne3 Bd7 46. Nd5 Qxb5 47. Rxb5 Bxb5
48. Ne7+ Kf8 49. Qb4 a6 50. Nd5+ Kg7 51. Qd4+ f6 52. Nb4 Kh6 53. Qd6 a5 54. Nd5
a4 55. Qf4+ g5 56. Qxf6+ Kh5 57. g4+ Kh4 58. Qf2+ Kxh3 59. Nf6 a3 60. Qg2+ Kh4
61. Nxh7 Bc6 62. Qxc6 a2 63. Qa6 Kxg4 64. Qxa2 Kf5 65. Qd5+ Kg6 66. Nxg5 Kf6 67.
Ne4+ Kg6 68. Qg5+ Kf7 69. Nd6+ Kf8 70. Qf5+ Kg8 71. Qf7+ Kh8 72. Qf6+ Kg8 73.
Qg5+ Kh8 74. Nf7+ Kh7 75. Qh5+ Kg8 76. Qf5 Kg7 77. Kh2 Kg8 78. Kh3 Kf8 79. Kh4
Ke8 80. Kg5 Ke7 81. Qf6+ Kf8 82. Kg6 Kg8 83. Qg7# {BonnayTramoniB est échec et mat} 1-0

[Event "Champ FRA - Under 8"]
[Site "Europe Echecs"]
[Date "2020.07.06"]
[Round "6"]
[Time "16:12:34"]
[PlyCount "94"]
[White "DoucetJeanGabr"]
[Black "MolinesThibaut"]
[WhiteElo "1100"]
[BlackElo "799"]
[Mode "WEB"]
[Result "1-0"]

1. e4 e5 2. Nf3 Nc6 3. Bc4 Nf6 4. Nh4 Bc5 5. Nc3 O-O 6. O-O g5 7. Nf3 g4 8. h3
gxf3 9. Qxf3 d6 10. d3 Bg4 11. hxg4 Nb4 12. g5 Ne8 13. Qh5 Nxc2 14. Rb1 Nb4 15.
a3 Nc6 16. Bd2 a6 17. Rbe1 b5 18. Ba2 Ng7 19. Qh1 d5 20. Be3 dxe4 21. dxe4 Bxe3
22. fxe3 Qd2 23. Nb1 Qxb2 24. Rf2 Qb4 25. Nd2 Qxa3 26. Nb1 Qxa2 27. Nc3 Qa3 28.
Nb1 Qb3 29. Nd2 Qxe3 30. Rxe3 b4 31. Qh6 Rab8 32. Qxc6 b3 33. Qxc7 Rb4 34. Qc3
Rb5 35. Nxb3 f6 36. Rb2 fxg5 37. Nc1 Rf3 38. gxf3 h5 39. Rxb5 axb5 40. Qc8+ Kf7
41. Rd3 g4 42. Qc6 gxf3 43. Rd7+ Kf8 44. Qc8+ Ne8 45. Qc6 Kg8 46. Qg6+ Kf8 47.
Qf7# {MolinesThibaut est échec et mat} 1-0

[Event "Champ FRA - Under 8"]
[Site "Europe Echecs"]
[Date "2020.07.06"]
[Round "6"]
[Time "16:12:34"]
[PlyCount "44"]
[White "GanbatTushig"]
[Black "SaintjoresMeli"]
[WhiteElo "799"]
[BlackElo "1100"]
[Mode "WEB"]
[Result "1-0"]

1. e4 c5 2. Nf3 d6 3. d4 cxd4 4. Nxd4 Nf6 5. Nc3 g6 6. Bc4 Bg7 7. h3 O-O 8. Bg5
h6 9. Bxf6 Bxf6 10. O-O Qc7 11. b3 e5 12. Nd5 Qa5 13. Nxf6+ Kg7 14. Nd5 exd4 15.
Qxd4+ Kh7 16. Nf6+ Kg7 17. Nd7+ Kg8 18. Nxf8 Kxf8 19. Qxd6+ Kg8 20. Qf6 Qb4 21.
Qxf7+ Kh8 22. Qg8# {SaintjoresMeli est échec et mat} 1-0

[Event "Champ FRA - Under 8"]
[Site "Europe Echecs"]
[Date "2020.07.06"]
[Round "6"]
[Time "16:12:34"]
[PlyCount "72"]
[White "MougenotSacha"]
[Black "SchmittVavihel"]
[WhiteElo "799"]
[BlackElo "1020"]
[Mode "WEB"]
[Result "1-0"]

1. e4 e5 2. Nf3 Nc6 3. Nc3 Nf6 4. Bc4 Bc5 5. d3 d6 6. Bg5 Bg4 7. h3 Bxf3 8. Qxf3
O-O 9. Bxf6 Qxf6 10. Nd5 Qxf3 11. gxf3 Nd4 12. O-O-O Ne2+ 13. Kb1 g6 14. Rhe1
Nd4 15. c3 Ne6 16. Ne7+ Kg7 17. Bxe6 fxe6 18. Rg1 Bxf2 19. Rg2 Be3 20. Re2 Bg5
21. Rg1 Bxe7 22. Rg4 Rxf3 23. h4 Rxd3 24. Rh2 Re3 25. h5 Re1+ 26. Kc2 Ra1 27.
hxg6 Rxa2 28. gxh7+ Kf7 29. Rf2+ Ke8 30. h8=Q+ Kd7 31. Qxa8 Bf6 32. Qxb7 Ra6 33.
Rxf6 Rb6 34. Rg7+ Kd8 35. Qa8+ Rb8 36. Qxb8# {SchmittVavihel est échec et mat} 1-0